Online
Catalog

Soldados y ciudadanos en el Caribe / (Record no. 4769)

MARC details
000 -CABECERA
campo de control de longitud fija 02006nam a2200301 a 4500
001 - NÚMERO DE CONTROL
campo de control 000004963
003 - IDENTIFICADOR DEL NÚMERO DE CONTROL
campo de control DO-SdBNP
005 - FECHA Y HORA DE LA ÚLTIMA TRANSACCIÓN
campo de control 20251027100648.0
008 - DATOS DE LONGITUD FIJA--INFORMACIÓN GENERAL
campo de control de longitud fija 090728t2002 dr 000 0 spa d
020 ## - NÚMERO INTERNACIONAL ESTÁNDAR DEL LIBRO
ISBN cancelado o inválido 9993450022
040 ## - FUENTE DE LA CATALOGACIÓN
Centro catalogador/agencia de origen DO-SdBNP
Lengua de catalogación spa
Centro/agencia transcriptor BNPHU
082 #4 - NÚMERO DE LA CLASIFICACIÓN DECIMAL DEWEY
Número de clasificación 355.332
Número de documento/Ítem S684c
Número de edición 22
245 00 - MENCIÓN DE TÍTULO
Título Soldados y ciudadanos en el Caribe /
Mención de responsabilidad, etc. editora Lilian Bobea.
260 ## - PUBLICACIÓN, DISTRIBUCIÓN, ETC.
Lugar de publicación, distribución, etc. Santo Domingo :
Nombre del editor, distribuidor, etc. FLACSO,
Fecha de publicación, distribución, etc. 2002.
300 ## - DESCRIPCIÓN FÍSICA
Extensión x, 351 p. ;
Dimensiones 23 cm.
504 ## - NOTA DE BIBLIOGRAFÍA, ETC.
Nota de bibliografía, etc. Incluye referencias bibliográficas y notas al pie de páginas.
504 ## - NOTA DE BIBLIOGRAFÍA, ETC.
Nota de bibliografía, etc. Incluye referencias biográficas de los colaboradores.
505 0# - NOTA DE CONTENIDO CON FORMATO
Nota de contenido con formato Prefacio --
Información miscelánea Introducción: Control civil democrático de las fuerzas de seguridad del Caribe /
Mención de responsabilidad Lilian Bobea --
Título Recomposición de las fuerzas de seguridad en el Caribe y su impacto en las relaciones cívico-militares /
Mención de responsabilidad Lilian Bobea --
Título Los militares y la política en República Dominicana: de la muerte de Trujillo al fin del siglo XX /
Mención de responsabilidad Wilfredo Lozano --
Título The military of Guyana /
Mención de responsabilidad Dión E. Phillips --
Título The military in Guyana: Political and institutional adaptations /
Mención de responsabilidad Ivelaw Griffith --
Título Fuerzas armadas y política revolucionaria: el caso de Cuba de 1959 a los años 90 /
-- Víctor Afanasiev --
-- Fuerzas Armadas y política revolucionaria de Cuba /
Mención de responsabilidad Jorge Domínguez --
Título Business and corruption: framing the haitian military question /
Mención de responsabilidad Michel Laguerre --
Título La reforma policial en Haití: un triunfo sobre la historia /
Mención de responsabilidad Rachel Neild --
Título Vieques y la política puertorriqueña /
-- Jorge Rodríguez Beruff --
-- Conclusiones /
Mención de responsabilidad Lilian Bobea --
Información miscelánea Notas biográficas.
590 ## - NOTA LOCAL (RLIN)
Nota local Inventariado, 2018/ YL
650 #4 - PUNTO DE ACCESO ADICIONAL DE MATERIA--TÉRMINO DE MATERIA
Término de materia o nombre geográfico como elemento de entrada Soldados
Subdivisión geográfica Caribe (Región)
9 (RLIN) 14328
650 #4 - PUNTO DE ACCESO ADICIONAL DE MATERIA--TÉRMINO DE MATERIA
Término de materia o nombre geográfico como elemento de entrada Militares
Subdivisión geográfica Caribe (Región)
9 (RLIN) 14329
650 #4 - PUNTO DE ACCESO ADICIONAL DE MATERIA--TÉRMINO DE MATERIA
Término de materia o nombre geográfico como elemento de entrada Policia
Subdivisión geográfica Caribe (Región)
9 (RLIN) 14330
651 #0 - PUNTO DE ACCESO ADICIONAL DE MATERIA--NOMBRE GEOGRÁFICO
Nombre geográfico Caribe (Región)
Subdivisión general Fuerzas Armadas
9 (RLIN) 87401
700 1# - PUNTO DE ACCESO ADICIONAL--NOMBRE DE PERSONA
Nombre de persona Bobea, Lilian,
Término indicativo de función/relación ed.
9 (RLIN) 11661
710 1# - PUNTO DE ACCESO ADICIONAL--NOMBRE DE ENTIDAD CORPORATIVA
Nombre de entidad corporativa o nombre de jurisdicción como elemento de entrada Facultad Latinoamericana de Ciencias Sociales
9 (RLIN) 294
910 ## - DATOS DE OPCIÓN DEL USUARIO (OCLC)
Datos de opción del usuario Validado. Control de calidad EMS.
942 ## - ELEMENTOS DE PUNTO DE ACCESO ADICIONAL (KOHA)
Fuente del sistema de clasificación o colocación Dewey Decimal Classification
Tipo de ítem Koha Libro
Holdings
Estado de retiro Estado de pérdida Restricciones de uso No para préstamo Código de colección Localización permanente Ubicación/localización actual Ubicación en estantería Fecha de adquisición Número de inventario Total de préstamos Signatura topográfica completa Código de barras Fecha visto por última vez Número de copia Precio válido a partir de Tipo de ítem Koha
        Dominicana de Servicio General General Depósito 10.06.2011 LF1   355.332 S684c 4963-30 25.06.2020 e.3 25.06.2020 Libro y Folleto Colección Dominicana de Servicio
        Dominicana de Servicio General General Depósito 16.05.2013 LF1   355.332 S684c 4963-40 25.06.2020 e.4 25.06.2020 Libro y Folleto Colección Dominicana de Servicio
        Dominicana de Servicio General General Depósito 16.05.2013 LF1   355.332 S684c 4963-50 25.06.2020 e.5 25.06.2020 Libro y Folleto Colección Dominicana de Servicio
      Excluido de préstamo Patrimonio Dominicano Patrimonio Dominicano Patrimonio Dominicano Depósito 15.08.2009 LF1   355.332 S684c 4963-10 25.06.2020   25.06.2020 Libro y Folleto Colección Patrimonio Dominicano
      Excluido de préstamo Patrimonio Dominicano Patrimonio Dominicano Patrimonio Dominicano Depósito 11.09.2009 LF1   355.332 S684c 4963-20 25.06.2020 e.2 25.06.2020 Libro y Folleto Colección Patrimonio Dominicano

Powered by Koha